000
00312nam a2200145Ia 4500
100
_a
Ulrich/ Katherine
942
_c
BK
654
_a
Computer
245
_a
Flash for Windows & Macintosh
260
_b
Pearson Edu
_c
1999
082
_a
005.133'W'
_b
ULR
300
_a
442
546
_a
ENGLISH
999
_c
34849
_d
34849